Historia del mundo moderno / (Record no. 186967)

MARC details
000 -LEADER
campo de control de longitud fija 01691nam a2200253 i 4500
001 - NÚMERO DE CONTROL
campo de control 186967
003 - IDENTIFICADOR DE NÚMERO DE CONTROL
campo de control SpMaBN
005 - FECHA Y HORA DE LA ÚLTIMA TRANSACCIÓN
campo de control 20250910213844.0
008 - DATOS DE LONGITUD FIJA--INFORMACIÓN GENERAL
campo de control de longitud fija 170310m19701972sp acf |||| |dspa d
080 ## - NÚMERO DE LA CLASIFICACIÓN DECIMAL UNIVERSAL
Número de la Clasificación Decimal Universal 94(100)"15/17"
080 ## - NÚMERO DE LA CLASIFICACIÓN DECIMAL UNIVERSAL
Número de la Clasificación Decimal Universal 94(100)"18/..."
245 00 - MENCIÓN DEL TÍTULO
Título Historia del mundo moderno /
Mención de responsabilidad, etc. [dirección, revisión y presentación de la edición española, Juan Reglá ; traducción, María Casamar].
260 ## - PUBLICACIÓN, DISTRIBUCIÓN, ETC.
Lugar de publicación, distribución, etc. Barcelona :
Nombre del editor, distribuidor, etc. Ramón Sopena,
Fecha de publicación, distribución, etc. [1970-1972]
300 ## - DESCRIPCIÓN FÍSICA
Extensión 8 v. :
Otras características físicas il., lám. col., retr. ;
Dimensiones 26 cm.
500 ## - NOTA GENERAL
Nota general Índices.
505 8# - NOTA DE CONTENIDO CON FORMATO
Nota de contenido con formato Contiene: I ;
Título El Renacimiento, 1493-1520 /
Mención de responsabilidad bajo la dirección de George Richard Potter (XLV, 368 p.) - II. --
Título La Reforma, 1520-1559 /
Mención de responsabilidad dir. de Geoffrey Rudolph Elton (XIX, 458 p.) - V. --
Título La supremacía de Francia, 1648-1688 /
Mención de responsabilidad dir. de Francis Ludwig Carsten (XII, 467 p.) - VII. --
Título El antiguo régimen, 1713-1763 /
Mención de responsabilidad dir. de J.O. Lindsay (XXIV, 454 p.) - VIII. --
Título Las revoluciones de América y Francia, 1763-93 /
Mención de responsabilidad dir. de A. Goodwin (X, 540 p.) - IX. --
Título Guerra y paz en tiempos de revolución, 1793-1830 /
Mención de responsabilidad dir. de C.W. Crawley (LXXXII, 493 p.) - X. --
Título El cenit del poder europeo, 1830-1870 /
Mención de responsabilidad dir. de John Patrick Tuer Bury (LXVIII, 516 p.) - XI. --
Título El progreso material y los problemas mundiales, 1870-1898 [/1901] /
Mención de responsabilidad dir. de F.H. Hinsley (XXV, 516 p.)
596 ## - NOTA AL PIE DE IMPRENTA
NOTA AL PIE DE IMPRENTA Precede al tít.: Cambridge University Press.
650 #7 - PUNTO DE ACCESO ADICIONAL DE MATERIA--TÉRMINO DE MATERIA
Término de materia o nombre geográfico como elemento de entrada Historia moderna
Fuente del encabezamiento o término embne
9 (RLIN) 13420
650 07 - PUNTO DE ACCESO ADICIONAL DE MATERIA--TÉRMINO DE MATERIA
Término de materia o nombre geográfico como elemento de entrada Historia contemporánea
Fuente del encabezamiento o término embne
9 (RLIN) 13393
700 1# - ENTRADA AGREGADA--NOMBRE PERSONAL
Nombre de persona Reglá, Juan,
Fechas asociadas al nombre 1917-1973
9 (RLIN) 95897
710 2# - ENTRADA AGREGADA--NOMBRE DE ENTIDAD CORPORATIVA
Nombre de entidad corporativa o nombre de jurisdicción como elemento de entrada Cambridge University Press.
9 (RLIN) 134212
852 ## - LOCALIZACIÓN
Ubicación ES-MaACL
Número de control de estantería L-31216-23
Nota libre - enc. cart.
Holdings
Estatus retirado Estado de pérdida Estado de daño No para préstamo Biblioteca de origen Biblioteca actual Ubicación en estantería Fecha de adquisición Fuente de adquisición Total de préstamos Signatura topográfica completa Código de barras Visto por última vez Precio de reemplazo Tipo de ítem Koha
        Biblioteca del Ateneo de Madrid Biblioteca del Ateneo de Madrid Depósito 2 10/03/2017     L-31216-23 1197226 23/02/2023 23/02/2023 Libro impreso